Quem lê com pressa tropeça (Record no. 189810)

MARC details
000 -LÍDER
campo de controle de tamanho fixo 00351 a2200157 4500
001 - NÚMERO DE CONTROLE
campo de controle 189810
020 ## - ISBN - INTERNATIONAL STANDARD BOOK NUMBER
ISBN - International Standard Book Number 978-85-329-0760-8
040 ## - FONTE DA CATALOGAÇÃO
Instituição que transcreveu o registro Magnum
100 ## - ENTRADA PRINCIPAL--NOME PESSOAL
Nome pessoal Jose, Elias
240 10 - TÍTULO UNIFORME
Título uniforme Quem lê com pressa tropeça
Idioma da obra por
245 10 - TÍTULO
Título Quem lê com pressa tropeça
300 ## - DESCRIÇÃO FÍSICA
Extensão 32
362 0# - DATAS DE PUBLICAÇÃO E/OU DESIGNAÇÃO SEQUENCIAL
Datas de publicação e/ou designação sequencial 2012
697 ## - ENTRADA DE ASSUNTO LOCAL--ENTIDADE COLETIVA (RLIN)
Nome corporativo ou nome da jurisdição LITERATURA INFANTIL
942 ## - ELEMENTOS DE ENTRADA ADICIONADOS (KOHA)
Tipo de material Koha Livros
Holdings
Situação do descarte Situação das perdas Situação física Não pode ser emprestado Biblioteca de origem Biblioteca atual Data de aquisição Total de empréstimos Número de chamada completo Código de barras Data de último acesso Data do preço efetivo Tipo de material Koha
        Magnum Magnum 08/06/2024   869.0.674 MAG00065421 08/06/2024 08/06/2024 Livros
        Magnum Magnum 08/06/2024   869.0.674 MAG00065422 08/06/2024 08/06/2024 Livros
        Magnum Magnum 08/06/2024   869.0.674 MAG00065423 08/06/2024 08/06/2024 Livros
        Magnum Magnum 08/06/2024   869.0.674 MAG00065424 08/06/2024 08/06/2024 Livros
        Magnum Magnum 08/06/2024   869.0.674 MAG00065425 08/06/2024 08/06/2024 Livros
        Magnum Magnum 08/06/2024   869.0.674 MAG00065426 08/06/2024 08/06/2024 Livros
        Magnum Magnum 08/06/2024   869.0.674 MAG00065427 08/06/2024 08/06/2024 Livros
        Magnum Magnum 08/06/2024   869.0.674 MAG00065428 08/06/2024 08/06/2024 Livros
        Magnum Magnum 08/06/2024   869.0.674 MAG00065429 08/06/2024 08/06/2024 Livros
        Magnum Magnum 08/06/2024   869.0.674 MAG00065430 08/06/2024 08/06/2024 Livros
        Magnum Magnum 08/06/2024   869.0.674 MAG00073412 08/06/2024 08/06/2024 Livros
        Magnum Magnum 08/06/2024   869.0.674 MAG00075185 08/06/2024 08/06/2024 Livros
        Magnum Magnum 08/06/2024   869.0.674 MAG00075186 08/06/2024 08/06/2024 Livros